00325 2200145 4500245004400000250001100044100002000055650001600075650001400091005001900105260001800124041001400142084001400156336000900170 aPotongan SayurancDela Adha SepiahText aCet. 1 aDela Adha Sepia aKarya Siswa aScrapbook a20250526092745 aJakartac2025 aIndonesia a081 DEL p atext